| 000 | 00505nam a2200157 4500 | ||
|---|---|---|---|
| 001 | 120760 | ||
| 003 | ES-MaACL | ||
| 005 | 20230906191622.0 | ||
| 007 | t| | ||
| 008 | 070214s1909 sp r ||||1| spa d | ||
| 100 | 1 |
_aPrados y Avilero, Rodrigo. _993644 |
|
| 245 | 1 | 0 |
_aCatálogo de la Biblioteca de Almadén / _cformado por Rodrigo Prados y Avilero. |
| 260 |
_aMadrid : _b[s. n.], _c1909. |
||
| 505 | 8 | _aContiene: Catálogo y Apéndices 1 y 2 (hasta diciembre de 1911) | |
| 852 |
_aES-MaACL _j1515-F-10-12 |
||
| 999 |
_c120760 _d120760 |
||